Cities with 3 or more Airports - Statistics

General Stats
  • This quiz has been taken 268 times
  • The average score is 14 of 27
Answer Stats
# City % Correct
7 New York
99%
6 London
97%
4 Paris
92%
5 Los Angeles
86%
4 Tokyo
84%
3 Chicago
81%
4 Moscow
78%
4 San Francisco
69%
4 Miami
67%
3 Milan
59%
3 Washington D.C.
56%
4 Boston
53%
3 São Paulo
51%
3 Seattle
47%
3 Barcelona
44%
3 Osaka
43%
4 Stockholm
37%
3 Philadelphia
35%
3 Orlando
33%
4 Melbourne
31%
6 Vancouver
31%
3 Manila
27%
3 Oslo
26%
3 Tampa
23%
3 Copenhagen
19%
3 Kansas City
4%
3 Samaná
0%
No matching quizzes found
Score Distribution
Percent of People with Each Score
Percentile by Number Answered
Your Score History
You have not taken this quiz